Interiér a výstavníctvo

Enregistré dans:
Détails bibliographiques
Auteurs principaux: Valachovič, Ján (Auteur), Kaffka, Ladislav (Auteur)
Format: Livre
Langue:slovaque
Publié: Bratislava : SVŠT v Bratislave, 1988
Édition:2. vyd.
Tags: Ajouter un tag
Pas de tags, Soyez le premier à ajouter un tag!

MARC

LEADER 00000nam a22000003a 4500
001 stu13638
005 20150617225800.2
008 960910s1988----cs------------------slo-d
040 |a STU  |b slo 
041 0 |a slo 
044 |a cs 
100 1 |a Valachovič, Ján  |4 aut 
245 1 |a Interiér a výstavníctvo 
250 |a 2. vyd. 
260 |a Bratislava :  |b SVŠT v Bratislave,  |c 1988 
300 |a 146 s 
700 1 |a Kaffka, Ladislav  |4 aut 
996 |b 284AS01563  |c A*2841 S  |l AAKNAR  |s A  |a 24  |w stu13638_0001